000
00301nam a22001337a 4500
008
171102b xxu||||| |||| 00| 0 eng d
020
_a
9781575764153
041
_a
eng
080
_a
363
100
_a
59
101
_a
BUS
245
_a
INFORMATION SYSTEMS FOUNDATION
_c
JESSUP, L.M
942
_2
udc
_c
BK
999
_c
37229
_d
37229